|
|
|
|
| LEADER |
00000ny a22000003n 4500 |
| 005 |
20110614124712.0 |
| 008 |
020425s2002 sp 000 0 spa d |
| 020 |
|
|
|a 9788495027917
|
| 035 |
|
|
|a 3235
|
| 040 |
|
|
|a BUS
|d vLex
|
| 090 |
|
|
|c 663
|d 663
|
| 100 |
1 |
|
|a Palomares Amat, Miguel
|
| 245 |
1 |
4 |
|a Los acuerdos internacionales concluidos entre las Comunidades Europeas y los pas̕es mediterraneos
|h [Recurso electrn̤ico]
|c Miguel Palomares Amat
|
| 256 |
|
|
|a Servicio en ln̕ea
|
| 260 |
|
|
|a Barcelona :
|b Cedecs,
|c 2002
|
| 300 |
|
|
|a 254 p. ;
|c 23 cm.
|
| 490 |
1 |
|
|a Derecho
|
| 506 |
1 |
|
|a Contenido solo disponible en los productos indicados
|d vLex Global
|d vLex Global (Academic Edition, excluding Law Schools)
|d vLex Global (U.S. Academic Edition, Law Schools)
|d vLex Global (U.S. Academic Edition, excluding Law Schools)
|d vLex Global (Academic Edition, Law Schools)
|
| 650 |
0 |
7 |
|2 Tesauro vLex
|a Tratados y convenios internacionales
|
| 650 |
0 |
7 |
|2 Tesauro vLex
|a Convenios y tratados internacionales
|
| 740 |
0 |
|
|a vLex Libros (Servicios en ln̕ea)
|
| 830 |
|
0 |
|a Derecho (Cedecs)
|
| 856 |
4 |
0 |
|z Acceso restringido
|u http://vlex.com/source/acuerdos-internacionales-comunidades-europeas-paises-terceros-mediterraneos-3235
|
| 942 |
|
|
|c BOOK
|
| 999 |
0 |
|
|a International Law
|b Barcelona
|